Kansas City Royals Top 50 Home Run Leaders - Statistics

General Stats
  • This quiz has been taken 54 times
    24 since last reset
  • The average score is 16 of 50
Answer Stats
# Player Name Total Home Runs % Correct
1. George Brett 317
100%
2. Salvador Perez 293
100%
5. Alex Gordon 190
82%
13. Carlos Beltran 123
82%
10-Tied. Eric Hosmer 127
82%
7. Frank White 160
82%
16. Bobby Witt Jr. 105
73%
32-Tied. Lorenzo Cain 56
73%
3. Mike Sweeney 197
73%
26. Johnny Damon 65
64%
9. Mike Moustakas 139
64%
15. Bo Jackson 109
55%
20. Jorge Soler 80
55%
22. Whit Merrifield 74
55%
48. Willie Wilson 40
55%
4. Amos Otis 193
45%
19. Jermaine Dye 85
45%
10-Tied. Billy Butler 127
36%
6. Hal McRae 169
36%
8. John Mayberry 143
36%
14. Steve Balboni 119
36%
24-Tied. Vinnie Pasquantino 70
36%
12. Danny Tartabull 124
27%
27-Tied. Darrell Porter 61
27%
18. Joe Randa 86
27%
24-Tied. John Buck 70
27%
43-Tied. Darryl Motley 44
18%
23. Hunter Dozier 73
18%
38-Tied. Jose Guillen 45
18%
35-Tied. Kendrys Morales 52
18%
38-Tied. Al Cowens 45
9%
38-Tied. Angel Berroa 45
9%
49-Tied. Jeff Francoeur 39
9%
34. Jeff King 55
9%
47. Michael Tucker 41
9%
35-Tied MJ Melendez 52
9%
31. Raul Ibanez 57
9%
43-Tied. Wally Joyner 44
9%
21. Willie Aikens 77
9%
46. Bob Hamelin 42
0%
37. Bob Oliver 49
0%
27-Tied. David DeJesus 61
0%
45. Dean Palmer 43
0%
32-Tied. Ed Kirkpatrick 56
0%
27-Tied. Gary Gaetti 61
0%
38-Tied. Lou Piniella 45
0%
38-Tied. Mark Quinn 45
0%
30. Mark Teahen 59
0%
49-Tied. Matt Stairs 39
0%
17. Mike Macfarlane 103
0%
No matching quizzes found
Score Distribution
Percent of People with Each Score
Percentile by Number Answered
Your Score History
You have not taken this quiz since the last reset